Elementary linear algebra (Record no. 4593)

000 -LEADER
fixed length control field 00537nam a2200205 i 4500
001 - CONTROL NUMBER
control field 4593
003 - CONTROL NUMBER IDENTIFIER
control field BD-DhUET
008 - FIXED-LENGTH DATA ELEMENTS--GENERAL INFORMATION
fixed length control field 800613s1981 mau 001 0 eng
020 ## - INTERNATIONAL STANDARD BOOK NUMBER
International Standard Book Number 087150300X
040 ## - CATALOGING SOURCE
Original cataloging agency DLC
Transcribing agency DLC
Modifying agency BD-DhUET
082 00 - DEWEY DECIMAL CLASSIFICATION NUMBER
Classification number 512.897
Edition number VEN/1981
100 ## - MAIN ENTRY--PERSONAL NAME
Personal name Venit, Stewart
245 10 - TITLE STATEMENT
Title Elementary linear algebra
Statement of responsibility, etc. by Stewart Venit and Wayne Bishop
250 ## - EDITION STATEMENT
Edition statement 1st ed.
260 ## - PUBLICATION, DISTRIBUTION, ETC. (IMPRINT)
Place of publication, distribution, etc. Boston
Name of publisher, distributor, etc. Prindle, Weber & Schmidt
Date of publication, distribution, etc. 1981
300 ## - PHYSICAL DESCRIPTION
Extent Viii, 364p.
650 #0 - SUBJECT ADDED ENTRY--TOPICAL TERM
Topical term or geographic name as entry element Linear algebra
700 ## - ADDED ENTRY--PERSONAL NAME
Personal name Bishop, Wayne
942 ## - ADDED ENTRY ELEMENTS (KOHA)
Koha item type General Book
Holdings
Price effective from Piece designation (barcode) Damaged status Copy number Date acquired Source of classification or shelving scheme Sublocation or collection (holding branch) Lost status Not for loan Koha item type Koha date last seen Location (home branch) Withdrawn status Shelving location Koha full call number Koha normalized classification for sorting
2014-11-1883945 12014-11-18 Central Library, BUET  Contented Book 2014-11-18Central Library, BUET Circulation section512.897/VEN/1981512_897000000000000_VEN_1981
2014-11-1884196 22014-11-18 Central Library, BUET  Contented Book 2015-12-23Central Library, BUET Circulation section512.897/VEN/1981512_897000000000000_VEN_1981
2014-11-1884197 32014-11-18 Central Library, BUET  General Book2016-05-11Central Library, BUET Circulation section512.897/VEN/1981512_897000000000000_VEN_1981